000 00471nam a22001577a 4500
003 OSt
005 20250128165343.0
008 250128b |||||||| |||| 00| 0 eng d
020 _a9789386102553
040 _cIIMT UNIVERSITY MEERUT
100 _aGUPTA.V.K,SHARMA.R.C
245 _aINTEGRATED DISEASE MANAGEMENT & PLANT HEALTH
260 _aSCIENTIEC PUBLISHERS JODHPUR
_bSCIENTIEC PUBLISHERS JODHPUR
_cSCIENTIEC PUBLICATION JODHPUR
300 _a297
942 _2ddc
_c02
999 _c65140
_d65140